LEADER 01101nam a2200229 i 4500 001 000000027373 003 CaOOAMICUS 005 20180830125447.0 008 180830s1842 fr u000 u und u 040 $aSeMil$bita 100 1 $aRegnault, P.-A. .$0(OLS)http://semarc/name/12430 245 10$aArsenal du catholique, ou Preuves philosophiques du catholicisme, suivies de réponses aux principales objections des incrédules /$cpar P. A. Regnault. 260 $aMetz :$bPallez et Rousseau,$c1842. 260 $aParis :$bGaume frères,$c1842. 300 $a2 v. ;$c21 cm. 650 4$aApologetica.$0(OLS)http://semarc/subject/703 650 4$aCattolicesimo.$0(OLS)http://semarc/subject/2438 774 0 $tTome 1.$g1$w()46926 774 0 $tTome 2.$g2$w()216676 996 $6245$aArsenal du catholique, ou Preuves philosophiques du catholicisme, suivies de réponses aux principales objections des incrédules$9(OLS)http://semarc/title/37048 996 $6260$aParis :$bGaume frères$9(OLS)http://semarc/publisher/31173 996 $6260$aMetz :$bPallez et Rousseau$9(OLS)http://semarc/publisher/37231 LEADER 01453nam a2200313 i 4500 001 000000112778 003 CaOOAMICUS 005 20220310105402.0 008 030228s1986 it u000 u ita u 013 $a85462 040 $aSeMil$bita 100 0 $aPaulus VI,$c.$0(OLS)http://semarc/name/803 245 10$a2: 1928-1943 /$cGiovanni Battista Montini (Paolo 6.) 264 1$aBrescia :$bIstituto Paolo 6. ;$aRoma :$bStudium,$c1986. 300 $a518-1070 p., [36] c. di tav. :$bill. ;$c27 cm 773 0 $aPaulus VI $tLettere ai familiari.$dBrescia : Istituto Paolo 6. ; Roma : Studium, 1986.$z88-382-3537-6$g2$w()8772 830 0$aPubblicazioni dell'Istituto Paolo 6. ;$v4/2.$0(OLS)http://semarc/title/121 850 $aSeMil 852 $aSeMil$W1$xVenegono$y1$m2A IV 205$j68498$B68498$CSeMilBibl$Z2$F74385 $81 852 $aSeMil$W1$xVenegono$y1$m2A VI 412$j232396$B240635$CSeMilBibl$Z2$F240635 $81 900 1 $aMontini, Giovanni Battista,$d<1897-1978>. 900 0 $aPaolo VI$c. 961 $aPontiggia don Virginio - Omaggio. -- Ex libris card. Giovanni Colombo 996 $6245$a2: 1928-1943$9(OLS)http://semarc/title/164464 996 $6264$aBrescia :$bIstituto Paolo 6.$9(OLS)http://semarc/publisher/29616 996 $6264$aRoma :$bStudium$9(OLS)http://semarc/publisher/29617